• 首页
  • 本馆介绍
  • 公告通知
  • 最新文献
  • 馆藏检索
  • 电子资源
  • 读者导购
  • 参考咨询
  • 我的图书馆
  • 登录
  • 详细信息显示
  • 放入我的书架
  • 预约/预借图书
  • 作者相关作品
  • 分类相关作品
  • 丛书相关作品
  • 出版社相关作品

书目信息

  • 表格格式
  • 工作单格式
  • 卡片格式
题名:
极速健美
    
 
作者: 许琦 编著
分册:  
出版信息: 北京   北京体育大学出版社  2010
页数: 154页
开本: 23cm
丛书名:
单 册:
中图分类: G883.2
科图分类:
主题词: 健美--运动训练法 , 健美 , 运动训练法
电子资源:
ISBN: 978-7-81051-892-5
000 00994nam0 2200289 45
001 1130686109
005 20110310095707.40
010    @a978-7-81051-892-5@dCNY20.00
100    @a20110123e2010 em y0chiy50 ea
101 0  @achi
102    @aCN@b110000
105    @aa z 000yy
106    @ar
200 1  @a极速健美@AJi Su Jian Mei@e12个月雕塑完美形体@E12 Ge Yue Diao Su Wan Mei Xing Ti@f许琦编著@FXu Qi Bian Zhu
205    @a2版
210    @a北京@c北京体育大学出版社@d2010
215    @a154页@c图@d23cm
330    @a本书包括认识健美运动、掌握健美训练的基本知识、健美训练的起步阶段、健美训练周期的安排、健美运动营养成分等内容。
512 1  @a十二个月雕塑完美形体@AShi Er Ge Yue Diao Su Wan Mei Xing Ti
517 1  @a12个月雕塑完美形体@A12 Ge Yue Diao Su Wan Mei Xing Ti
606 0  @a健美@x运动训练法
606 0  @a健美
606 0  @a运动训练法
690    @aG883.2@v4
701  0 @a许琦@AXu Qi@c(健美)@4编著
801  0 @aCN@bTANGWEI@c20110310
905    @b0531266-70@dG883.2@e80@f5
    
    极速健美:12个月雕塑完美形体/许琦编著.-2版.-北京:北京体育大学出版社,2010
    154页:图;23cm
    
    
    ISBN 978-7-81051-892-5:CNY20.00
    本书包括认识健美运动、掌握健美训练的基本知识、健美训练的起步阶段、健美训练周期的安排、健美运动营养成分等内容。
●
相关链接 在E读中查询图书 在五车中查询图书 在当当中查询图书 在豆瓣中查询图书


正题名:极速健美     索取号:G883.2/80         预约/预借

序号 登录号 条形码 馆藏地/架位号 状态 备注
1 0531266   205312669   第一样本阅览室/ [索取号:G883.2/80] 在馆    
2 0531267   205312678   密集书库-体育系/ [索取号:G883.2/80] 在馆    
3 0531268   205312687   第四借阅区/ [索取号:G883.2/80] 在馆    
4 0531269   205312696   第四借阅区/ [索取号:G883.2/80] 在馆    
5 0531270   205312703   第四借阅区/ [索取号:G883.2/80] 在馆    
唐山师范学院图书馆 欢迎您!
大连网信软件有限公司© 版权所有